{"text_format":"3","workbook":"xlsx","n_sheets":1,"sheets":["t38"],"read":"whole","date_system":"1900"}

{"sheet":"t38","index":0,"n_rows":233,"n_cols":7,"rows_kept":233,"merged":[[0,0,0,6],[28,0,28,5],[47,0,47,5],[171,0,171,5]]}
["TABELA 38.1 - Estatísticas Agrícolas, Município de Araras, Estado de São Paulo, 2016/17."]
["ITEM","UNIDADE","N.DE UPAs","MÍNIMO","MÉDIO","MÁXIMO","TOTAL"]
["Distância à sede do município","km",{"v":1032,"d":"1,032"},0.3,{"v":13.25,"d":"13.3"},{"v":40,"d":"40.0"},"-"]
["Área total","hectare",{"v":1032,"d":"1,032"},0.5,{"v":61.04,"d":"61.0"},{"v":5247.9,"d":"5,247.9"},{"v":62992.1,"d":"62,992.1"}]
["Área com cultura perene","hectare",166,0.1,{"v":23.05,"d":"23.1"},497.4,{"v":3827,"d":"3,827.0"}]
["Área com cultura temporária","hectare",879,0.1,{"v":48.65,"d":"48.7"},{"v":3386.6,"d":"3,386.6"},{"v":42766.6,"d":"42,766.6"}]
["Área com pastagem","hectare",186,0.1,{"v":7.56,"d":"7.6"},87.9,{"v":1406.2,"d":"1,406.2"}]
["Área com reflorestamento","hectare",32,0.5,{"v":11.59,"d":"11.6"},107.4,370.8]
["Área com vegetação natural","hectare",670,0.1,{"v":13.82,"d":"13.8"},{"v":1374.5,"d":"1,374.5"},{"v":9260.4,"d":"9,260.4"}]
["Área com vegetação de brejo e várzea","hectare",28,0.3,{"v":19.94,"d":"19.9"},301.8,558.2]
["Área em descanso","hectare",94,0.1,{"v":17,"d":"17.0"},602.3,{"v":1598.1,"d":"1,598.1"}]
["Área complementar","hectare",839,0.1,{"v":3.82,"d":"3.8"},582.9,{"v":3204.8,"d":"3,204.8"}]
["Área das UPAs com (0, 1] ha","hectare",34,0.5,{"v":0.96,"d":"1.0"},{"v":1,"d":"1.0"},32.7]
["Área das UPAs com (1, 2] ha","hectare",15,1.2,{"v":1.87,"d":"1.9"},{"v":2,"d":"2.0"},28.1]
["Área das UPAs com (2, 5] ha","hectare",157,2.1,{"v":3.67,"d":"3.7"},{"v":5,"d":"5.0"},576.4]
["Área das UPAs com (5, 10] ha","hectare",191,5.1,{"v":7.31,"d":"7.3"},{"v":10,"d":"10.0"},{"v":1395.5,"d":"1,395.5"}]
["Área das UPAs com (10, 20] ha","hectare",269,10.2,{"v":14.67,"d":"14.7"},{"v":20,"d":"20.0"},{"v":3946.2,"d":"3,946.2"}]
["Área das UPAs com (20, 50] ha","hectare",196,20.1,{"v":30.69,"d":"30.7"},{"v":50,"d":"50.0"},{"v":6016.2,"d":"6,016.2"}]
["Área das UPAs com (50, 100] ha","hectare",60,50.3,{"v":67.58,"d":"67.6"},99.8,{"v":4054.7,"d":"4,054.7"}]
["Área das UPAs com (100, 200] ha","hectare",42,101.6,{"v":136.31,"d":"136.3"},198.4,{"v":5725,"d":"5,725.0"}]
["Área das UPAs com (200, 500] ha","hectare",39,200.2,{"v":308.28,"d":"308.3"},499.6,{"v":12023,"d":"12,023.0"}]
["Área das UPAs com (500, 1.000] ha","hectare",19,{"v":508,"d":"508.0"},{"v":667.77,"d":"667.8"},987.3,{"v":12687.7,"d":"12,687.7"}]
["Área das UPAs com (1.000, 2.000] ha","hectare",9,{"v":1045.7,"d":"1,045.7"},{"v":1250.97,"d":"1,251.0"},{"v":1637.9,"d":"1,637.9"},{"v":11258.7,"d":"11,258.7"}]
["Área das UPAs com (2.000, 5.000] ha","hectare","-","-","-","-","-"]
["Área das UPAs com (5.000, 10.000] ha","hectare",1,{"v":5247.9,"d":"5,247.9"},{"v":5247.9,"d":"5,247.9"},{"v":5247.9,"d":"5,247.9"},{"v":5247.9,"d":"5,247.9"}]
["Área das UPAs acima de 10.000 ha","hectare","-","-","-","-","-"]
["Fonte: Secretaria de Agricultura e Abastecimento, CDRS/IEA, Projeto LUPA."]
[]
["TABELA 38.2 - Explorações Animais, Município de Araras, Estado de São Paulo, 2016/17."]
["ITEM","UNIDADE","N.DE UPAs","MÍNIMO","MÉDIO","MÁXIMO","TOTAL"]
["Apicultura","colmeias",3,{"v":8,"d":"8.0"},{"v":62.67,"d":"62.7"},{"v":120,"d":"120.0"},{"v":188,"d":"188.0"}]
["Asininos e muares","cabecas",3,{"v":1,"d":"1.0"},{"v":1.67,"d":"1.7"},{"v":2,"d":"2.0"},{"v":5,"d":"5.0"}]
["Avicultura de corte","cabecas/ano",3,{"v":54000,"d":"54,000.0"},{"v":208000,"d":"208,000.0"},{"v":300000,"d":"300,000.0"},{"v":624000,"d":"624,000.0"}]
["Avicultura para ovos","cabecas",17,{"v":10,"d":"10.0"},{"v":26.18,"d":"26.2"},{"v":60,"d":"60.0"},{"v":445,"d":"445.0"}]
["Bovinocultura de corte","cabecas",2,{"v":115,"d":"115.0"},217.5,{"v":320,"d":"320.0"},{"v":435,"d":"435.0"}]
["Bovinocultura leiteira","cabecas",7,{"v":2,"d":"2.0"},{"v":583.14,"d":"583.1"},{"v":4000,"d":"4,000.0"},{"v":4082,"d":"4,082.0"}]
["Bovinocultura mista","cabecas",96,{"v":1,"d":"1.0"},{"v":16.01,"d":"16.0"},{"v":79,"d":"79.0"},{"v":1537,"d":"1,537.0"}]
["Caprinocultura","cabecas",6,{"v":1,"d":"1.0"},{"v":25,"d":"25.0"},{"v":70,"d":"70.0"},{"v":150,"d":"150.0"}]
["Carcinocultura","pos-larvas",1,{"v":50,"d":"50.0"},{"v":50,"d":"50.0"},{"v":50,"d":"50.0"},{"v":50,"d":"50.0"}]
["Equinocultura","cabecas",90,{"v":1,"d":"1.0"},{"v":5.59,"d":"5.6"},{"v":71,"d":"71.0"},{"v":503,"d":"503.0"}]
["Minhocultura","canteiros",1,{"v":15,"d":"15.0"},{"v":15,"d":"15.0"},{"v":15,"d":"15.0"},{"v":15,"d":"15.0"}]
["Ovinocultura","cabecas",13,{"v":5,"d":"5.0"},{"v":98.62,"d":"98.6"},{"v":830,"d":"830.0"},{"v":1282,"d":"1,282.0"}]
["Piscicultura","m2 tanques",3,{"v":4200,"d":"4,200.0"},{"v":13066.67,"d":"13,066.7"},{"v":25000,"d":"25,000.0"},{"v":39200,"d":"39,200.0"}]
["Ranicultura","girinos/ano",1,{"v":50000,"d":"50,000.0"},{"v":50000,"d":"50,000.0"},{"v":50000,"d":"50,000.0"},{"v":50000,"d":"50,000.0"}]
["Suinocultura","cabecas",31,{"v":1,"d":"1.0"},{"v":55.55,"d":"55.6"},{"v":1200,"d":"1,200.0"},{"v":1722,"d":"1,722.0"}]
["Fonte: Secretaria de Agricultura e Abastecimento, CDRS/IEA, Projeto LUPA."]
[]
["TABELA 38.3 -  Máquinas, Implementos e Benfeitorias, Município de Araras, Estado de São Paulo, 2016/17."]
["ITEM","UNIDADE","N.DE UPAs","MÍNIMO","MÉDIO","MÁXIMO","TOTAL"]
["Arado comum (bacia, aiveca)","unidade",207,{"v":1,"d":"1.0"},{"v":1.15,"d":"1.2"},{"v":8,"d":"8.0"},{"v":238,"d":"238.0"}]
["Arado escarificador","unidade",15,{"v":1,"d":"1.0"},{"v":1.27,"d":"1.3"},{"v":4,"d":"4.0"},{"v":19,"d":"19.0"}]
["Arado subsolador","unidade",11,{"v":1,"d":"1.0"},{"v":1.55,"d":"1.6"},{"v":5,"d":"5.0"},{"v":17,"d":"17.0"}]
["Batedeira de cereais","unidade",36,{"v":1,"d":"1.0"},{"v":1.06,"d":"1.1"},{"v":2,"d":"2.0"},{"v":38,"d":"38.0"}]
["Camara fria","unidade",9,{"v":1,"d":"1.0"},{"v":1.11,"d":"1.1"},{"v":2,"d":"2.0"},{"v":10,"d":"10.0"}]
["Carregadeira de cana","unidade",23,{"v":1,"d":"1.0"},{"v":3.13,"d":"3.1"},{"v":23,"d":"23.0"},{"v":72,"d":"72.0"}]
["Carreta de trator","unidade",110,{"v":1,"d":"1.0"},{"v":1.64,"d":"1.6"},{"v":9,"d":"9.0"},{"v":180,"d":"180.0"}]
["Colhedeira acoplada","unidade",3,{"v":1,"d":"1.0"},{"v":1,"d":"1.0"},{"v":1,"d":"1.0"},{"v":3,"d":"3.0"}]
["Colhedeira automotriz","unidade",12,{"v":1,"d":"1.0"},{"v":1.75,"d":"1.8"},{"v":5,"d":"5.0"},{"v":21,"d":"21.0"}]
["Computador","unidade",14,{"v":1,"d":"1.0"},{"v":1.57,"d":"1.6"},{"v":3,"d":"3.0"},{"v":22,"d":"22.0"}]
["Conj.irrigacao autopropelido","unidade",10,{"v":1,"d":"1.0"},1.4,{"v":4,"d":"4.0"},{"v":14,"d":"14.0"}]
["Conj.irrigacao convencional","unidade",64,{"v":1,"d":"1.0"},1.2,{"v":10,"d":"10.0"},{"v":77,"d":"77.0"}]
["Conj.irrigacao pivot central","unidade",1,{"v":1,"d":"1.0"},{"v":1,"d":"1.0"},{"v":1,"d":"1.0"},{"v":1,"d":"1.0"}]
["Conj.irrigacao/gotejamento/microaspersao","unidade",21,{"v":1,"d":"1.0"},{"v":1,"d":"1.0"},{"v":1,"d":"1.0"},{"v":21,"d":"21.0"}]
["Conjunto de fenacao","unidade",5,{"v":1,"d":"1.0"},1.2,{"v":2,"d":"2.0"},{"v":6,"d":"6.0"}]
["Desintegrador de palha (plantio direto)","unidade",4,{"v":1,"d":"1.0"},{"v":5,"d":"5.0"},{"v":15,"d":"15.0"},{"v":20,"d":"20.0"}]
["Desintegrador, picador, triturador","unidade",152,{"v":1,"d":"1.0"},{"v":1.12,"d":"1.1"},{"v":4,"d":"4.0"},{"v":170,"d":"170.0"}]
["Distribuidor de calcario","unidade",123,{"v":1,"d":"1.0"},{"v":1.34,"d":"1.3"},{"v":20,"d":"20.0"},{"v":165,"d":"165.0"}]
["Embarcação","unidade",5,{"v":1,"d":"1.0"},1.2,{"v":2,"d":"2.0"},{"v":6,"d":"6.0"}]
["Ensiladeira","unidade",8,{"v":1,"d":"1.0"},{"v":1.75,"d":"1.8"},{"v":7,"d":"7.0"},{"v":14,"d":"14.0"}]
["Grade aradora (tipo romi)","unidade",106,{"v":1,"d":"1.0"},1.5,{"v":20,"d":"20.0"},{"v":159,"d":"159.0"}]
["Grade niveladora","unidade",216,{"v":1,"d":"1.0"},{"v":1.33,"d":"1.3"},{"v":20,"d":"20.0"},{"v":287,"d":"287.0"}]
["Implementos para tracao animal","unidade",4,{"v":1,"d":"1.0"},{"v":1.75,"d":"1.8"},{"v":3,"d":"3.0"},{"v":7,"d":"7.0"}]
["Máquina de classificar frutas","unidade",2,{"v":1,"d":"1.0"},{"v":1,"d":"1.0"},{"v":1,"d":"1.0"},{"v":2,"d":"2.0"}]
["Misturador de racao","unidade",6,{"v":1,"d":"1.0"},{"v":1.67,"d":"1.7"},{"v":5,"d":"5.0"},{"v":10,"d":"10.0"}]
["Mmicrotrator","unidade",15,{"v":1,"d":"1.0"},{"v":1.67,"d":"1.7"},{"v":5,"d":"5.0"},{"v":25,"d":"25.0"}]
["Ordenhadeira mecanica","unidade",4,{"v":1,"d":"1.0"},{"v":1.25,"d":"1.3"},{"v":2,"d":"2.0"},{"v":5,"d":"5.0"}]
["Pulverizador tratorizado","unidade",221,{"v":1,"d":"1.0"},{"v":1.92,"d":"1.9"},{"v":19,"d":"19.0"},{"v":425,"d":"425.0"}]
["Resfriador de leite, tanque expansao","unidade",1,{"v":1,"d":"1.0"},{"v":1,"d":"1.0"},{"v":1,"d":"1.0"},{"v":1,"d":"1.0"}]
["Retroescavadeira","unidade",3,{"v":1,"d":"1.0"},{"v":1.33,"d":"1.3"},{"v":2,"d":"2.0"},{"v":4,"d":"4.0"}]
["Roçadeira tratorizada","unidade",1,{"v":1,"d":"1.0"},{"v":1,"d":"1.0"},{"v":1,"d":"1.0"},{"v":1,"d":"1.0"}]
["Roçadora","unidade",89,{"v":1,"d":"1.0"},{"v":1.43,"d":"1.4"},{"v":8,"d":"8.0"},{"v":127,"d":"127.0"}]
["Semeadeira/adubadeira para plantio convencional","unidade",101,{"v":1,"d":"1.0"},{"v":1.09,"d":"1.1"},{"v":4,"d":"4.0"},{"v":110,"d":"110.0"}]
["Semeadeira/plantadeira plantio direto","unidade",12,{"v":1,"d":"1.0"},{"v":1.08,"d":"1.1"},{"v":2,"d":"2.0"},{"v":13,"d":"13.0"}]
["Tecnologias de gps para controle de máquinas","unidade",2,{"v":2,"d":"2.0"},{"v":15,"d":"15.0"},{"v":28,"d":"28.0"},{"v":30,"d":"30.0"}]
["Terraceador","unidade",5,{"v":1,"d":"1.0"},{"v":1,"d":"1.0"},{"v":1,"d":"1.0"},{"v":5,"d":"5.0"}]
["Trator de esteiras","unidade",14,{"v":1,"d":"1.0"},{"v":1.36,"d":"1.4"},{"v":3,"d":"3.0"},{"v":19,"d":"19.0"}]
["Trator de pneus  acima de 85 cv","unidade",32,{"v":1,"d":"1.0"},{"v":4.44,"d":"4.4"},{"v":34,"d":"34.0"},{"v":142,"d":"142.0"}]
["Trator de pneus até 65 cv","unidade",83,{"v":1,"d":"1.0"},{"v":1.54,"d":"1.5"},{"v":19,"d":"19.0"},{"v":128,"d":"128.0"}]
["Trator de pneus de 66 cv a 85 cv","unidade",214,{"v":1,"d":"1.0"},{"v":2.32,"d":"2.3"},{"v":40,"d":"40.0"},{"v":497,"d":"497.0"}]
["Acude/represa","unidade",216,{"v":1,"d":"1.0"},{"v":1.56,"d":"1.6"},{"v":10,"d":"10.0"},{"v":337,"d":"337.0"}]
["Adega cantina","unidade",1,{"v":1,"d":"1.0"},{"v":1,"d":"1.0"},{"v":1,"d":"1.0"},{"v":1,"d":"1.0"}]
["Alambique","unidade",1,{"v":1,"d":"1.0"},{"v":1,"d":"1.0"},{"v":1,"d":"1.0"},{"v":1,"d":"1.0"}]
["Almoxarifado/oficina","unidade",49,{"v":1,"d":"1.0"},{"v":1.04,"d":"1.0"},{"v":2,"d":"2.0"},{"v":51,"d":"51.0"}]
["Armazem para graos ensacados","sacas",14]
["Balanca para bovinos","unidade",7,{"v":1,"d":"1.0"},{"v":1,"d":"1.0"},{"v":1,"d":"1.0"},{"v":7,"d":"7.0"}]
["Balanca para veiculos","unidade",24,{"v":1,"d":"1.0"},{"v":1.08,"d":"1.1"},{"v":2,"d":"2.0"},{"v":26,"d":"26.0"}]
["Barracao para granja/avicultura","unidade",12,{"v":1,"d":"1.0"},{"v":2.25,"d":"2.3"},{"v":7,"d":"7.0"},{"v":27,"d":"27.0"}]
["Barracao/galpao/garagem","unidade",352,{"v":1,"d":"1.0"},{"v":1.25,"d":"1.3"},{"v":7,"d":"7.0"},{"v":441,"d":"441.0"}]
["Casa de moradia habitada","unidade",441,{"v":1,"d":"1.0"},{"v":2.19,"d":"2.2"},{"v":50,"d":"50.0"},{"v":965,"d":"965.0"}]
["Casa de moradia total","unidade",557,{"v":1,"d":"1.0"},{"v":2.82,"d":"2.8"},{"v":50,"d":"50.0"},{"v":1571,"d":"1,571.0"}]
["Curral/mangueira","unidade",28,{"v":1,"d":"1.0"},{"v":1.14,"d":"1.1"},{"v":3,"d":"3.0"},{"v":32,"d":"32.0"}]
["Deposito/tulha","unidade",210,{"v":1,"d":"1.0"},{"v":1.21,"d":"1.2"},{"v":7,"d":"7.0"},{"v":255,"d":"255.0"}]
["Engenho","unidade",2,{"v":1,"d":"1.0"},{"v":1,"d":"1.0"},{"v":1,"d":"1.0"},{"v":2,"d":"2.0"}]
["Estabulo","unidade",55,{"v":1,"d":"1.0"},{"v":1.27,"d":"1.3"},{"v":10,"d":"10.0"},{"v":70,"d":"70.0"}]
["Estufa/plasticultura","m2",26]
["Fabrica de farinha","unidade",8,{"v":1,"d":"1.0"},{"v":1,"d":"1.0"},{"v":1,"d":"1.0"},{"v":8,"d":"8.0"}]
["Fabrica de racao","unidade",2,{"v":1,"d":"1.0"},{"v":1,"d":"1.0"},{"v":1,"d":"1.0"},{"v":2,"d":"2.0"}]
["Instalacoes para equinos","unidade",23,{"v":1,"d":"1.0"},{"v":6.09,"d":"6.1"},{"v":20,"d":"20.0"},{"v":140,"d":"140.0"}]
["Maquina de beneficio","unidade",12,{"v":1,"d":"1.0"},{"v":1,"d":"1.0"},{"v":1,"d":"1.0"},{"v":12,"d":"12.0"}]
["Packing house","unidade",3,{"v":1,"d":"1.0"},{"v":1,"d":"1.0"},{"v":1,"d":"1.0"},{"v":3,"d":"3.0"}]
["Pocilga","unidade",27,{"v":1,"d":"1.0"},{"v":1.52,"d":"1.5"},{"v":8,"d":"8.0"},{"v":41,"d":"41.0"}]
["Poco semi-artesiano","unidade",53,{"v":1,"d":"1.0"},{"v":1.26,"d":"1.3"},{"v":5,"d":"5.0"},{"v":67,"d":"67.0"}]
["Secador de graos","unidade",10,{"v":1,"d":"1.0"},1.8,{"v":4,"d":"4.0"},{"v":18,"d":"18.0"}]
["Silo para graos","ton",7]
["Silo para silagem","ton",8]
["Terreiro","m2",29]
["Usina de acucar/destilaria","unidade",5,{"v":1,"d":"1.0"},{"v":1,"d":"1.0"},{"v":1,"d":"1.0"},{"v":5,"d":"5.0"}]
["Fonte: Secretaria de Agricultura e Abastecimento, CDRS/IEA, Projeto LUPA."]
[]
["TABELA 38.4 - Outras Estatísticas Agrícolas, Município de Araras, Estado de São Paulo, 2016/17."]
["ITEM","Número de UPAs",null,"Percentual"]
["Faz Parte de Associação de Produtores",108,null,{"v":10.465116279069766,"d":"10.5"}]
["Faz Parte de Cooperativa de Produtores",614,null,{"v":59.49612403100775,"d":"59.5"}]
["Faz Parte do Sindicato de Produtores",469,null,{"v":45.445736434108525,"d":"45.4"}]
["Não utiliza assistência técnica ",183,null,{"v":17.732558139534884,"d":"17.7"}]
["Utiliza somente assistência técnica governamental ",613,null,{"v":59.39922480620155,"d":"59.4"}]
["Utiliza somente assistência técnica privada ",88,null,{"v":8.527131782945736,"d":"8.5"}]
["Utiliza assistência técnica tanto governamental quanto privada",148,null,{"v":14.341085271317828,"d":"14.3"}]
["Utiliza Crédito Rural",284,null,{"v":27.51937984496124,"d":"27.5"}]
["Utiliza Seguro Rural",95,null,{"v":9.205426356589147,"d":"9.2"}]
["Utiliza Escrituração Agrícola",137,null,{"v":13.275193798449612,"d":"13.3"}]
["Acessa Internet p/ Fins na Agropecuária",58,null,{"v":5.62015503875969,"d":"5.6"}]
["Utiliza Computador nas Atividades Agropecuárias",64,null,{"v":6.2015503875969,"d":"6.2"}]
["Utiliza Energia Elétrica Para Uso na Atividade Agrícola",485,null,{"v":46.99612403100775,"d":"47.0"}]
["Utiliza Energia Alternativa",22,null,{"v":2.1317829457364343,"d":"2.1"}]
["Realiza Análise de Solo, quando necessário",275,null,{"v":26.647286821705425,"d":"26.6"}]
["Realiza Calagem",599,null,{"v":58.04263565891473,"d":"58.0"}]
["Utiliza Práticas de Conservação de Solo, quando necessário",671,null,{"v":65.01937984496124,"d":"65.0"}]
["Faz Adubação Mineral, quando necessário",877,null,{"v":84.98062015503875,"d":"85.0"}]
["Faz Adubação Orgânica, quando necessário",213,null,{"v":20.63953488372093,"d":"20.6"}]
["Faz Adubação Verde, quando necessário",32,null,{"v":3.10077519379845,"d":"3.1"}]
["Utiliza Manejo Integrado de Pragas (MIP)",8,null,{"v":0.7751937984496124,"d":"0.8"}]
["Utiliza Hidroponia",3,null,{"v":0.29069767441860467,"d":"0.3"}]
["Utiliza Cultivo em Estufa",20,null,{"v":1.9379844961240311,"d":"1.9"}]
["Utiliza Mudas Fiscalizadas",269,null,{"v":26.065891472868216,"d":"26.1"}]
["Utiliza Semente Melhorada",219,null,{"v":21.22093023255814,"d":"21.2"}]
["Faz Confinamento de Bovinos",17,null,{"v":1.6472868217054264,"d":"1.6"}]
["Utiliza Pastejo Intensivo",47,null,{"v":4.554263565891473,"d":"4.6"}]
["Faz Inseminação Artificial",4,null,{"v":0.3875968992248062,"d":"0.4"}]
["Faz Mineralização do Rebanho",54,null,{"v":5.232558139534884,"d":"5.2"}]
["Faz Vermifugação do Rebanho",42,null,{"v":4.069767441860465,"d":"4.1"}]
["Possui Parceiros /Arrendatários na Exploração Animal",11,null,{"v":1.0658914728682172,"d":"1.1"}]
["Existência de trabalhadores c/ deficiência na UPA",2,null,{"v":0.1937984496124031,"d":"0.2"}]
["Esporte e lazer",16,null,{"v":1.550387596899225,"d":"1.6"}]
["Extração mineral","-",null,"-"]
["Hotel Fazenda, Pousada ou SPA",1,null,{"v":0.09689922480620156,"d":"0.1"}]
["Pesque-pague",2,null,{"v":0.1937984496124031,"d":"0.2"}]
["Restaurante ou Lanchonete",5,null,{"v":0.4844961240310078,"d":"0.5"}]
["Transformação artesanal","-",null,"-"]
["Turismo rural ou ecoturismo","-",null,"-"]
["Outras atividades econômicas rurais",19,null,{"v":1.8410852713178296,"d":"1.8"}]
["Agroindústria",3,null,{"v":0.29069767441860467,"d":"0.3"}]
["Proprietário sem instrução ou com instrução incompleta",234,null,{"v":22.674418604651162,"d":"22.7"}]
["Proprietário com antigo primário completo",362,null,{"v":35.07751937984496,"d":"35.1"}]
["Proprietário com 1° grau (ou antigo ginasial) completo",67,null,{"v":6.492248062015505,"d":"6.5"}]
["Proprietário com 2° grau (ou antigo colegial) completo",115,null,{"v":11.143410852713178,"d":"11.1"}]
["Proprietário com curso superior completo ",160,null,{"v":15.503875968992249,"d":"15.5"}]
["Pessoa Jurídica",94,null,{"v":9.108527131782946,"d":"9.1"}]
["Proprietário residente na própria UPA ",267,null,{"v":25.872093023255815,"d":"25.9"}]
["Fonte: Secretaria de Agricultura e Abastecimento, CDRS/IEA, Projeto LUPA."]
[]
["TABELA 38.5 - Área Cultivada, Município de Araras, Estado de São Paulo, 2016/17."]
["CULTURA","N.DE UPAs","MÍNIMO","MÉDIO","MÁXIMO","TOTAL"]
["Cana-de-acucar finalidade industria",574,0.3,{"v":66.09,"d":"66.1"},{"v":3386.6,"d":"3,386.6"},{"v":37932.8,"d":"37,932.8"}]
["Milho safra",257,0.1,{"v":13,"d":"13.0"},{"v":600,"d":"600.0"},{"v":3340.5,"d":"3,340.5"}]
["Laranja Industria",90,0.4,{"v":34.41,"d":"34.4"},497.4,{"v":3096.5,"d":"3,096.5"}]
["Soja",46,{"v":1,"d":"1.0"},{"v":21.45,"d":"21.5"},122.2,986.5]
["Outras gramineas para pastagem",123,0.1,6.6,86.1,812.4]
["Abacate",44,0.2,{"v":7.84,"d":"7.8"},29.2,{"v":345,"d":"345.0"}]
["Eucalipto",30,0.5,{"v":10.95,"d":"11.0"},107.4,328.5]
["Mandioca",89,0.1,{"v":3.57,"d":"3.6"},{"v":33,"d":"33.0"},{"v":318,"d":"318.0"}]
["Gramas",23,0.4,{"v":12.73,"d":"12.7"},87.9,292.9]
["Braquiaria",37,0.1,{"v":7.55,"d":"7.6"},52.8,279.3]
["Cafe",5,0.2,{"v":40.98,"d":"41.0"},{"v":140,"d":"140.0"},204.9]
["Cana-de-acucar outras finalidades",15,0.5,{"v":6.87,"d":"6.9"},72.6,{"v":103,"d":"103.0"}]
["Milho 2 safra",6,3.6,{"v":17.15,"d":"17.2"},42.4,102.9]
["Trigo",4,{"v":12,"d":"12.0"},{"v":14.38,"d":"14.4"},15.9,57.5]
["Laranja Mercado",8,2.8,{"v":6.99,"d":"7.0"},22.5,55.9]
["Tangerina",5,1.3,{"v":8.36,"d":"8.4"},18.2,41.8]
["Sorgo-vassoura",9,0.5,{"v":4.38,"d":"4.4"},13.6,39.4]
["Outras florestais",4,3.9,{"v":9.68,"d":"9.7"},18.2,38.7]
["Limao",10,0.3,{"v":3.84,"d":"3.8"},14.3,38.4]
["Girassol",2,6.8,8.4,{"v":10,"d":"10.0"},16.8]
["Coloniao",3,1.7,{"v":5.23,"d":"5.2"},{"v":11,"d":"11.0"},15.7]
["Banana",13,0.1,{"v":1.15,"d":"1.2"},{"v":3,"d":"3.0"},{"v":15,"d":"15.0"}]
["Coco-da-baia",3,1.4,{"v":4.27,"d":"4.3"},9.4,12.8]
["Sorgo",1,12.1,12.1,12.1,12.1]
["Manga",3,0.2,3.3,7.2,9.9]
["Outras olericolas",23,0.1,{"v":0.43,"d":"0.4"},1.7,9.8]
["Abobora (ou jerimum)",9,0.2,0.8,1.5,7.2]
["Couve (ou couve-crespa)",18,0.1,{"v":0.36,"d":"0.4"},1.4,6.4]
["Jilo",4,1.1,{"v":1.58,"d":"1.6"},{"v":2,"d":"2.0"},6.3]
["Capim-napier (ou capim-elefante)",5,0.5,{"v":1.18,"d":"1.2"},2.4,5.9]
["Alface",21,0.1,{"v":0.28,"d":"0.3"},1.6,5.9]
["Palmito",1,5.7,5.7,5.7,5.7]
["Berinjela",9,0.1,{"v":0.61,"d":"0.6"},1.4,5.5]
["Floricultura para corte",1,5.4,5.4,5.4,5.4]
["Horta domestica",14,0.1,{"v":0.34,"d":"0.3"},1.1,4.7]
["Milho-silagem",1,{"v":4,"d":"4.0"},{"v":4,"d":"4.0"},{"v":4,"d":"4.0"},{"v":4,"d":"4.0"}]
["Viveiro de florestais",1,3.6,3.6,3.6,3.6]
["Floricultura para vaso",3,0.5,{"v":0.97,"d":"1.0"},1.4,2.9]
["Chicoria (ou chicoria-de-folha-crespa)",15,0.1,{"v":0.17,"d":"0.2"},0.6,2.6]
["Brocolos (ou brocolis)",10,0.1,{"v":0.25,"d":"0.3"},0.5,2.5]
["Quiabo",6,0.1,{"v":0.38,"d":"0.4"},0.7,2.3]
["Outras frutiferas",4,0.1,{"v":0.53,"d":"0.5"},1.5,2.1]
["Pimentao",2,0.1,{"v":1.05,"d":"1.1"},{"v":2,"d":"2.0"},2.1]
["Dende",1,{"v":2,"d":"2.0"},{"v":2,"d":"2.0"},{"v":2,"d":"2.0"},{"v":2,"d":"2.0"}]
["Repolho",5,0.1,0.4,1.1,{"v":2,"d":"2.0"}]
["Cebolinha",13,0.1,{"v":0.12,"d":"0.1"},0.2,1.6]
["Maracuja",1,1.6,1.6,1.6,1.6]
["Beterraba",8,0.1,{"v":0.19,"d":"0.2"},0.4,1.5]
["Anona (fruta-do-conde, ou pinha, ou atemoia)",1,1.3,1.3,1.3,1.3]
["Pimenta",1,1.3,1.3,1.3,1.3]
["Couve-flor",3,0.3,0.4,0.5,1.2]
["Caqui",1,1.1,1.1,1.1,1.1]
["Feijao",9,0.1,0.1,0.1,0.9]
["Acelga",4,0.1,{"v":0.15,"d":"0.2"},0.2,0.6]
["Tomate envarado",1,0.4,0.4,0.4,0.4]
["Goiaba",2,0.1,{"v":0.15,"d":"0.2"},0.2,0.3]
["Chuchu",1,0.1,0.1,0.1,0.1]
["Viveiro de flores e ornamentais",1,0.1,0.1,0.1,0.1]
["Cenoura",1,0.1,0.1,0.1,0.1]
["Fonte: Secretaria de Agricultura e Abastecimento, CDRS/IEA, Projeto LUPA."]